LEADER 03500nam 22005892 450 001 9910793421003321 005 20231005173040.0 010 $a90-485-2827-5 024 7 $a10.1515/9789048528271 035 $a(CKB)4100000008153501 035 $a(DE-B1597)530949 035 $a(OCoLC)1101034293 035 $a(DE-B1597)9789048528271 035 $a(UkCbUP)CR9789048528271 035 $a(Au-PeEL)EBL5770195 035 $a(MiAaPQ)EBC5770195 035 $a(EXLCZ)994100000008153501 100 $a20201022d2019|||| uy| 0 101 0 $aeng 135 $aur||||||||||| 181 $ctxt$2rdacontent 182 $cc$2rdamedia 183 $acr$2rdacarrier 200 10$aBreaking laws $eviolence and civil disobedience in protest /$fIsabelle Sommier, Graeme Hayes, and Sylvie Ollitrault$b[electronic resource] 210 1$aAmsterdam :$cAmsterdam University Press,$d2019. 215 $a1 online resource (271 pages) $cdigital, PDF file(s) 225 1 $aProtest and social movements. 300 $aTranslations of: La violence re?volutionnaire / Isabelle Sommier, 2008 ; and, La de?sobe?issance civile. 2e e?dition, 2013 / Graeme Hayes & Sylvie Ollitrault. 300 $aTitle from publisher's bibliographic system (viewed on 20 Nov 2020). 311 $a90-8964-934-4 327 $tFront matter --$tTable of Contents --$tAcknowledgements --$tList of Abbreviations, Organizations, and Parties --$tIntroduction to Breaking Laws --$tPart 1. Revolutionary Violence Experiences of Armed Struggle in France, Germany, Japan, Italy, and the United States --$tPart 2. Civil Disobedience --$tBiographical Notes --$tBibliography --$tIndex 330 $aBreaking Laws: Violence and Civil Disobedience in Protest questions the complex relationship between social movements and violence through two contrasted lenses; first through the short-lived radical left wing post '68 revolutionary violence, and secondly in the present diffusion of civil disobedience actions, often at the border between non-violence and violence. This book shows how and why violence occurs or does not, and what different meanings it can take. The short-lived extreme left revolutionary groups that grew out of May '68 and the opposition to the Vietnam War (such as the German Red Army Faction, the Italian Red Brigades, and the Japanese Red Army) are without any doubt on the violent side. More ambiguous are the burgeoning contemporary forms of "civil" disobedience, breaking the law with the aim of changing it. In theory, these efforts are associated with non-violence and self-restraint. In practice, the line is more difficult to trace, as much depends on how political players define and frame non-violence and political legitimacy. 410 0$aProtest and social movements. 606 $aPolitical violence 606 $aCivil disobedience 606 $aTerrorism 610 $aContentious politics, violence, extreme left, 1968 years, non-violence, Direct action, Citizenship, Action Repertoires, Civil disobedience. 615 0$aPolitical violence. 615 0$aCivil disobedience. 615 0$aTerrorism. 676 $a322.4/2 700 $aSommier$b Isabelle$0765473 701 $aSommier$b Isabelle$0765473 701 $aHayes$b Graeme$f1967-$01319424 702 $aHayes$b Graeme$f1967- 702 $aOllitrault$b Sylvie 801 0$bUkCbUP 801 1$bUkCbUP 906 $aBOOK 912 $a9910793421003321 996 $aBreaking laws$93802910 997 $aUNINA LEADER 02499nas 2200877- 450 001 9910139578903321 005 20230327213019.0 011 $a2233-8268 035 $a(DE-599)ZDB2614800-6 035 $a(OCoLC)759512615 035 $a(CKB)2550000000055168 035 $a(CONSER)--2023200045 035 $a(EXLCZ)992550000000055168 100 $a20111103a20119999 --- a 101 0 $aeng 135 $aur||||||||||| 181 $ctxt$2rdacontent 182 $cc$2rdamedia 183 $acr$2rdacarrier 200 00$aAsia Pacific allergy 210 1$a[Seoul] :$cAsia Pacific Association of Allergy, Asthma and Clinical Immunology,$d[2011]- 210 31$a[Philadelphia, PA] :$cWolters Kluwer Health 215 $a1 online resource 300 $aRefereed/Peer-reviewed 311 $a2233-8276 517 3 $aAP allergy 517 3 $aAsia Pac Allergy 531 $aASIA PAC ALLERGY 531 0 $aAsia Pac. allergy 606 $aAllergy$vPeriodicals 606 $aImmunology$vPeriodicals 606 $aAsthma$vPeriodicals 606 $aImmune system 606 $aAsthma 606 $aAllergy 606 $aImmune System Phenomena 606 $aAsthma 606 $aHypersensitivity 606 $aImmunologie$vPériodiques 606 $aAsthme$vPériodiques 606 $aSystème immunitaire 606 $aAsthme 606 $aHypersensibilité (Immunologie) 606 $aImmune system$2fast$3(OCoLC)fst00967877 606 $aAllergy$2fast$3(OCoLC)fst00805549 606 $aAsthma$2fast$3(OCoLC)fst00819313 606 $aImmunology$2fast$3(OCoLC)fst00968006 608 $aPeriodical 608 $aFulltext. 608 $aInternet Resources. 608 $aPeriodicals. 608 $aPeriodicals.$2fast 615 0$aAllergy 615 0$aImmunology 615 0$aAsthma 615 0$aImmune system. 615 0$aAsthma. 615 0$aAllergy. 615 12$aImmune System Phenomena 615 22$aAsthma 615 22$aHypersensitivity 615 6$aImmunologie 615 6$aAsthme 615 6$aSystème immunitaire. 615 6$aAsthme. 615 6$aHypersensibilité (Immunologie) 615 7$aImmune system. 615 7$aAllergy. 615 7$aAsthma. 615 7$aImmunology. 676 $a616 712 02$aAsia Pacific Association of Allergy, Asthma and Clinical Immunology. 906 $aJOURNAL 912 $a9910139578903321 996 $aAsia Pacific allergy$92252390 997 $aUNINA